मन्त्र शक्ति मन्त्र शास्त्र का सरल संक्षिप्त विवेचना (Record no. 351606)

MARC details
000 -LEADER
fixed length control field 00896nam a2200241Ia 4500
003 - CONTROL NUMBER IDENTIFIER
control field OSt
005 - DATE AND TIME OF LATEST TRANSACTION
control field 20220923221750.0
008 - FIXED-LENGTH DATA ELEMENTS--GENERAL INFORMATION
fixed length control field 220922b |||||||| |||| 00| 0 hin d
037 ## - SOURCE OF ACQUISITION
Terms of availability Textual
040 ## - CATALOGING SOURCE
Original cataloging agency ARTS
Transcribing agency ARTS
Language of cataloging hin
041 ## - LANGUAGE CODE
Source of code hin
Language code of text/sound track or separate title hin
100 ## - MAIN ENTRY--PERSONAL NAME
Personal name षद्मेश, के0 ऐ0 दुबे
9 (RLIN) 165646
245 #0 - TITLE STATEMENT
Title मन्त्र शक्ति मन्त्र शास्त्र का सरल संक्षिप्त विवेचना
246 ## - VARYING FORM OF TITLE
Title proper/short title hintra shakti hintra shāstra kā saral sankṣpunta vivechanā
260 ## - PUBLICATION, DISTRIBUTION, ETC.
Place of publication, distribution, etc. नर्द दिल्ली
Name of publisher, distributor, etc. सुंबोध पब्लि
Date of publication, distribution, etc. 1983
300 ## - PHYSICAL DESCRIPTION
Extent 183
Dimensions cm.
942 ## - ADDED ENTRY ELEMENTS (KOHA)
Classification part Q25:23, 152M3
Koha item type Textual
Source of classification or shelving scheme Colon Classification (CC)
Holdings
Withdrawn status Lost status Damaged status Not for loan Home library Current library Date acquired Total Checkouts Full call number Barcode Date last seen Price effective from Koha item type
        Arts Library Arts Library 2022-09-23   Q25:23 152M3 AL0820826 2022-09-23 2022-09-23 Textual
Copyright @ Delhi University Library System